| 000 | 01468nam a2200265Ia 4500 | ||
|---|---|---|---|
| 999 |
_c52567 _d52567 |
||
| 001 | 19591 | ||
| 003 | GE_BSU | ||
| 005 | 20250313105750.0 | ||
| 008 | 181216s2016||||ge |||||||||||||| ||geo|| | ||
| 020 | _a978994124398 | ||
| 040 | _cGE_BSU | ||
| 041 | _ageo | ||
| 080 | _a27-36 თ-54 | ||
| 245 |
_aႧვენი. [ტ.] 2, 11 იანვარი - 20 იანვარი (ახალი სტილით 24 იანვარი - 2 თებერვალი) / _cპროექტის ავტორი და რედაქტორი თამარ მამაცაშვილი ; შემდგენელი კახაბერ კენკიშვილი ; დიზაინერი რატი თორდია. |
||
| 264 |
_aთბილისი : _bპალიტრა L, _c2016. |
||
| 300 |
_a328 გვ. ; _c22 სმ. |
||
| 490 | _aჟურნალ ”კარიბჭის" ბიბლიოთეკა | ||
| 541 | _h6ლ. | ||
| 653 | _aთვენი. 11 იანვარი-20 იანვარი | ||
| 653 | _aრელიგია | ||
| 700 |
_aმამაცაშვილი, თამარ _eპროექტის ავტორი, რედაქტორი _924526 |
||
| 700 |
_aკენკიშვილი, კახაბერ _eშემდგენელი _924527 |
||
| 700 |
_aთორდია, რატი _eდიზაინერი _917902 |
||
| 942 |
_cBK _2udc |
||